Nghiên cứu tổng hợp Hydrocacbon C5+ bằng phản ứng Fischer - Tropsch trên xúc tác Co/γ-Al2O3 biến tính với Platin và Zỉrconi : Luận văn Thạc sĩ. Chuyên ngành: Hoá lý thuyết và Hoá lý
Đề tài nghiên cứu về điều chế các xúc tác 15%Co và 20%Co từ Co(NO3)2.6H2O và Co(CH3COO)2.4H2o trên chất mang γ-Al2O3 xử lý với dung dịch NH3 10% và NH4NO3 15% bằng hai phương pháp kết tủa lắng đọng và tẩm lần lượt....
Đã lưu trong:
| 主要作者: | |
|---|---|
| 格式: | 图书 |
| 语言: | Undetermined |
| 出版: |
Cần Thơ
Trường Đại học Cần Thơ
2010
|
| 主题: | |
| 标签: |
添加标签
没有标签, 成为第一个标记此记录!
|
| Thư viện lưu trữ: | Trung tâm Học liệu Trường Đại học Cần Thơ |
|---|
| LEADER | 01250nam a2200217Ia 4500 | ||
|---|---|---|---|
| 001 | CTU_162110 | ||
| 008 | 210402s9999 xx 000 0 und d | ||
| 082 | |a 662.6623 | ||
| 082 | |b T312 | ||
| 088 | |a 60440119 | ||
| 100 | |a Trần, Cao Đức Tính | ||
| 245 | 0 | |a Nghiên cứu tổng hợp Hydrocacbon C5+ bằng phản ứng Fischer - Tropsch trên xúc tác Co/γ-Al2O3 biến tính với Platin và Zỉrconi : | |
| 245 | 0 | |b Luận văn Thạc sĩ. Chuyên ngành: Hoá lý thuyết và Hoá lý | |
| 245 | 0 | |c Trần Cao Đức Tính; Lưu Cẩm Lộc ( Hướng dẫn Khoa học ) | |
| 260 | |a Cần Thơ | ||
| 260 | |b Trường Đại học Cần Thơ | ||
| 260 | |c 2010 | ||
| 520 | |a Đề tài nghiên cứu về điều chế các xúc tác 15%Co và 20%Co từ Co(NO3)2.6H2O và Co(CH3COO)2.4H2o trên chất mang γ-Al2O3 xử lý với dung dịch NH3 10% và NH4NO3 15% bằng hai phương pháp kết tủa lắng đọng và tẩm lần lượt. | ||
| 650 | |a Hydrocarbons,Fischer-Tropsch process,Hydrocarbons,Quá trình Fischer-Tropsch | ||
| 904 | |i Nhớ | ||
| 980 | |a Trung tâm Học liệu Trường Đại học Cần Thơ | ||